Utilización del método de programación lineal LSM en proyectos de construcción
Uloženo v:
| Hlavní autor: | |
|---|---|
| Médium: | Kniha |
| Vydáno: |
[San José, Costa Rica]
2007
|
| Témata: | |
| Tagy: |
Přidat tag
Žádné tagy, Buďte první, kdo vytvoří štítek k tomuto záznamu!
|
MARC
| LEADER | 00000nam a2200000Ia 4500 | ||
|---|---|---|---|
| 003 | 009940 | ||
| 005 | 20221231144108.0 | ||
| 008 | 140114s2007 cr a 000 ||s d | ||
| 040 | |c cru CEDI | ||
| 090 | |a TFG 5468 | ||
| 100 | |a Ramírez Chavarría, Javier |9 4838 | ||
| 245 | |a Utilización del método de programación lineal LSM en proyectos de construcción | ||
| 260 | |c 2007 |b [San José, Costa Rica] | ||
| 300 | |a vii, 81, [16] hojas, 1 transparencia sobrepuesta; ilustraciones (principalmente a color), mapas color | ||
| 500 | |a Proyecto de graduación (licenciatura en ingeniería civil)--Universidad de Costa Rica. Facultad de Ingeniería. Escuela de Ingeniería Civil | ||
| 650 | |x INDUSTRIA DE LA CONSTRUCCION |x ADMINISTRACION |x PROGRAMACION |x PROGRAMACION LINEAL |x PRODUCCION (TEORIA ECONOMICA) |x CONTROL |x ANALISIS DE REDES (PLANIFICACION) |x INVESTIGACIONES |9 4839 | ||
| 942 | |c TFG | ||
| 999 | |c 16809 |d 16809 | ||
